| 000 | 00986nac a22002771i 4500 | ||
|---|---|---|---|
| 003 | EG-ScBUE | ||
| 005 | 20221109023924.0 | ||
| 008 | 221109s2000 vraa f b 001 0 eng d | ||
| 020 | _a186470053X | ||
| 020 | _a9781864700534 | ||
| 040 |
_aEG-ScBUE _beng _erda _cEG-ScBUE _dEG-ScBUE |
||
| 050 | _an-us--- | ||
| 082 | 0 | 4 |
_a720.973 _bRIC _222 |
| 245 |
_aRichard Dattner : _bselected and current works of Richard Dattner & Partners Architects. |
||
| 264 | 1 |
_aMulgrave, Victoria : _bImages Publishing Group, _c2000. |
|
| 300 |
_a256 pages : _billustrations (some color) ; _c31 cm. |
||
| 490 | 0 |
_aThe master architect series ; _x5 |
|
| 504 | _aIncludes bibliographical references and index. | ||
| 600 | 1 | 7 |
_aDattner, Richard, _d1948- _2BUEsh |
| 610 | 2 | 7 |
_aRichard Dattner & Partners, Architects. _2BUEsh |
| 650 | 7 |
_aArchitecture, American. _2BUEsh |
|
| 650 | 7 |
_aArchitecture _y20th century _zUnited States. _2BUEsh |
|
| 653 | _bENGARC | ||
| 655 |
_vReading book _934232 |
||
| 942 |
_cBB _2ddc |
||
| 999 |
_c3050 _d3050 |
||